000 00753nam a2200241 a 4500
001 BRL_1093
005 20190320211030.0
008 111113s1971----mx-ao#####---#000-0#spa-#
041 _aspa
044 _amx
050 4 _aNK844
_b.E35 1971
245 1 0 _aLo efímero y eterno del arte popular mexicano
260 _aMéxico
_bFondo Editorial de la Plástica Mexicana
_c1971
300 _a2 v.
_bil. a color
_c35 cm.
500 _av.1 Au1238, v.2 Au1237
500 _aEl v.1 incluye dedicatoria a Ruth Lechuga.
500 _aEstado físico: v.1 tiene desprendido el lomo.
650 1 4 _aArte popular
_zMéxico
_9882
650 1 4 _aArtesanías
_zMéxico
_93976
650 1 4 _aIndígenas de México
_xIndumentaria
_92447
902 _aGRL
942 _2lcc
_cB
999 _c9905
_d9905